| Tag |
First Indicator |
Second Indicator |
Subfields |
| LEADER |
00000cam a2200000 a 4500 |
| 001 |
in00000096483 |
| 005 |
20150923174102.0 |
| 008 |
801114s1980 ilua 00000 eng d |
| 010 |
|
|
|a 80066716
|
| 020 |
|
|
|a 0898030277 (pbk.) :
|c $2.95
|
| 035 |
|
|
|a (OCoLC)06937268
|
| 035 |
|
|
|9 AAK8610AM
|
| 040 |
|
|
|a HOU
|c HOU
|d m.c.
|d TXA
|d UtOrBLW
|
| 049 |
|
|
|a TXAM
|c [388827]
|
| 090 |
|
|
|a JK2356
|b V5
|
| 245 |
0 |
0 |
|a View from the Capitol dome (looking right) /
|c John H. Rousselot, Richard T. Schulze, editors.
|
| 264 |
|
1 |
|a Ottawa, IL :
|b Green Hill Books ;
|a Ossining, N.Y. :
|b Caroline House,
|c [1980]
|
| 264 |
|
4 |
|c ©1980
|
| 300 |
|
|
|a 228 pages :
|b illustrations, map ;
|c 18 cm.
|
| 336 |
|
|
|a text
|b txt
|2 rdacontent
|
| 337 |
|
|
|a unmediated
|b n
|2 rdamedia
|
| 338 |
|
|
|a volume
|b nc
|2 rdacarrier
|
| 610 |
2 |
0 |
|a Republican Party (U.S. : 1854- )
|
| 651 |
|
0 |
|a United States
|x Politics and government.
|
| 700 |
1 |
|
|a Rousselot, John H.
|
| 700 |
1 |
|
|a Schulze, Richard T.
|
| 999 |
|
|
|a MARS
|
| 999 |
f |
f |
|s 7ffed69b-de47-3ab3-9a12-b578f2cc2934
|i 16128919-c71c-3fc7-85f7-1c838e5e723d
|t 0
|
| 952 |
f |
f |
|p ric
|a Texas A&M University
|b Rellis Campus
|c Joint Library Facility
|d Remote Storage
|t 0
|e JK2356 V5
|h Library of Congress classification
|i unmediated -- volume
|m A14806037387
|
| 998 |
f |
f |
|a JK2356 V5
|t 0
|l Remote Storage
|